Statistics for Ultimate Gymnastics Skills Quiz

Click here to take the quiz!

General Stats

  • This quiz has been taken 32 times
  • The average score is 24 of 45

Answer Stats

HintAnswer% Correct
___wheelCartwheel
96%
One of the four apparatusesBeam
91%
One of the four apparatusesFloor
91%
Walkover forwardFront walkover
91%
One of the four apparatusesVault
91%
Opposite of aboveBack walkover
87%
One of the four apparatusesBars
87%
Front walkover with a spring off handsFront Handspring
87%
Vault for levels 4-7Fronthandspring
87%
Skill on your handsHandstand
87%
No handed cartwheelAerial
83%
Backward skill from feet to handsBack handspring
83%
Above skill landing with feet togetherRoundoff
83%
Flipping through the air, backwardsBack tuck
78%
Opposite of aboveFront tuck
78%
Opposite of above skillBackward Roll
70%
Easiest skill; rollForward Roll
70%
Basic bar mountKip
70%
Easy element circling bar backwardsBack hip circle
61%
Back flip with straight positionBack layout
61%
Basic bar dismountFlyaway
61%
Back flip with two rotationsDouble back
57%
Back flip with 360 degree twistBack full
48%
360 degree turn on one footFull turn
48%
Swinging in circles around the high barGiants
48%
Easy way to move from low bar to highSquat on
48%
Above skill with switchSwitch leap
48%
Front flip with 360 degree twistFront full
43%
Jumping off one foot to split in the air, then landing on one footLeap
43%
Turn with one leg straight and other bent; in squatting positionWolf turn
43%
Jump with one leg bent and the other straightWolf jump
39%
Moving hips above barCast
35%
Roundoff back handspring onto table with a flipYurchenko
35%
Circling element in levels 5-eliteClear hip
30%
Front handspring without handsFront aerial
30%
Back handspring without handsBack aerial
26%
Above dismount going opposite directionFront flyaway
17%
Easiest vault; to backHandstand Flatback
17%
Transition from high to low barPak Salto
17%
Way to get to handstand; starting in standing straddlePress handstand
17%
Roundoff back handspring onto table with a flip with 2.5 twistsAmanar
13%
Sometimes comes after squat onMonkey giant
13%
Roundoff onto vault table with a flipTsukahara
13%
Circling element swinging with toes on bar to handstandToe shoot
4%
Front handspring over table while piked in airYamashita
4%

Score Distribution

Percentile by Number Answered

Percent of People with Each Score

Your Score History

You have not taken this quiz